[Event "Harrogate 4NCL op-B 29th"]
[Site "Harrogate"]
[Date "2023.01.22"]
[Round "5"]
[White "Jayawarna, Tarini"]
[Black "Murphy, Ross"]
[Result "1/2-1/2"]
[WhiteElo "1680"]
[BlackElo "1748"]
[PlyCount "44"]
[EventDate "2023.01.20"]
[EventType "swiss"]
[EventRounds "5"]
[EventCountry "ENG"]
[SourceTitle "CBM 212 Extra"]
[Source "ChessBase"]
[SourceDate "2023.03.31"]
[SourceVersion "1"]
[SourceVersionDate "2023.03.31"]
[SourceQuality "1"]

1. e4 d6 2. d4 Nf6 3. Nc3 c6 4. Nf3 Qa5 5. Bd3 e5 6. 0-0 Bg4 7. dxe5 dxe5 8. h3 Bh5 9. Be3 Be7 10. a3 Nbd7 11. b4 Qc7 12. Be2 0-0 13. Qb1 Bg6 14. Nd2 Rfd8 15. Rd1 Nh5 16. Qb2 Nf4 17. Bf1 Bh5 18. f3 Bh4 19. Ne2 Nxe2+ 20. Bxe2 Nf6 21. c4 Bg3 22. c5 b5 1/2-1/2

[Event "Harrogate 4NCL op-B 29th"]
[Site "Harrogate"]
[Date "2023.01.22"]
[Round "4"]
[White "Murphy, Ross"]
[Black "Cooper, Malcolm H"]
[Result "0-1"]
[WhiteElo "1748"]
[BlackElo "1879"]
[PlyCount "56"]
[EventDate "2023.01.20"]
[EventType "swiss"]
[EventRounds "5"]
[EventCountry "ENG"]
[SourceTitle "CBM 212 Extra"]
[Source "ChessBase"]
[SourceDate "2023.03.31"]
[SourceVersion "1"]
[SourceVersionDate "2023.03.31"]
[SourceQuality "1"]

1. d3 d5 2. c3 Nf6 3. Bg5 c5 4. Nd2 Nc6 5. e4 e6 6. Ngf3 Be7 7. Be2 0-0 8. Qc2 b6 9. 0-0-0 b5 10. e5 Ng4 11. Bxe7 Qxe7 12. Rdf1 Ngxe5 13. Nxe5 Nxe5 14. f4 Nc6 15. Nf3 Bb7 16. d4 cxd4 17. Bxb5 Nb4 18. Qd2 dxc3 19. bxc3 Rac8 20. Kb1 Na6 21. Ne5 Qa3 22. Rf3 d4 23. Nc4 Rxc4 24. Bxc4 Bxf3 25. Bxa6 Be4+ 26. Ka1 dxc3 27. Qe2 Rd8 28. Qb5 c2 0-1

[Event "Harrogate 4NCL op-B 29th"]
[Site "Harrogate"]
[Date "2023.01.20"]
[Round "1"]
[White "Murphy, Ross"]
[Black "Obi, Okwose Marc"]
[Result "0-1"]
[WhiteElo "1748"]
[BlackElo "1871"]
[PlyCount "64"]
[EventDate "2023.01.20"]
[EventType "swiss"]
[EventRounds "5"]
[EventCountry "ENG"]
[SourceTitle "CBM 212 Extra"]
[Source "ChessBase"]
[SourceDate "2023.03.31"]
[SourceVersion "1"]
[SourceVersionDate "2023.03.31"]
[SourceQuality "1"]

1. d3 d5 2. c3 f5 3. Nf3 Nf6 4. Bg5 e6 5. Nbd2 Be7 6. Bxf6 Bxf6 7. e4 e5 8. Qb3 c6 9. c4 d4 10. exf5 c5 11. g4 0-0 12. Bg2 Nc6 13. 0-0 g6 14. fxg6 hxg6 15. Ne4 Na5 16. Qc2 Bxg4 17. Nfd2 Qe7 18. Rae1 Nc6 19. Nb3 Nb4 20. Qb1 Rac8 21. a3 Na6 22. Qc1 Bg7 23. f4 Bh6 24. Ng5 Bxg5 25. Rxe5 Qxe5 26. fxe5 Bxc1 27. Rxc1 Rc7 28. Bd5+ Kg7 29. Na5 b6 30. Nc6 Bd7 31. Ne7 Be8 32. Nxg6 Bxg6 0-1

[Event "Daventry 4NCL Easter op-B 2nd"]
[Site "Daventry"]
[Date "2022.04.16"]
[Round "2"]
[White "Murphy, Ross"]
[Black "Tomlinson, Zak"]
[Result "0-1"]
[WhiteElo "1730"]
[BlackElo "1855"]
[PlyCount "119"]
[EventDate "2022.04.15"]
[EventType "swiss"]
[EventRounds "7"]
[EventCountry "ENG"]
[SourceTitle "CBM 207 Extra"]
[Source "ChessBase"]
[SourceDate "2022.05.31"]
[SourceVersion "1"]
[SourceVersionDate "2022.05.31"]
[SourceQuality "1"]

1. d4 Nf6 2. c4 e6 3. a3 c5 4. Nf3 cxd4 5. Nxd4 Nc6 6. e3 a5 7. Nc3 Be7 8. Bd3 0-0 9. 0-0 d5 10. cxd5 Nxd5 11. Nxd5 Qxd5 12. b3 Rd8 13. Bc4 Qg5 14. Qe2 Nxd4 15. exd4 Qh4 16. Bb2 Bf6 17. g3 Qh3 18. Rad1 b6 19. f3 Bb7 20. Ba1 Rd6 21. Rf2 Rad8 22. Qe3 e5 23. d5 Bxd5 24. Bxe5 Qe6 25. f4 Bxc4 26. Rxd6 Rxd6 27. bxc4 Bxe5 28. Qxe5 Qxe5 29. fxe5 Re6 30. Rd2 g5 31. Rd8+ Kg7 32. Rd5 h5 33. Kf2 Kg6 34. h3 Kf5 35. Rb5 Ke4 36. a4 Kd4 37. Kf3 Kxc4 38. h4 gxh4 39. gxh4 Kd4 40. Kf4 Rg6 41. Kf5 Kc4 42. Rb2 Kc5 43. Rb5+ Kc6 44. Rb3 Rg4 45. Kf6 Rf4+ 46. Ke7 Rxa4 47. Kxf7 Rxh4 48. e6 Rf4+ 49. Ke8 Re4 50. e7 a4 51. Rc3+ Kb5 52. Rc8 Kb4 53. Kf7 b5 54. e8Q Rxe8 55. Rxe8 a3 56. Re4+ Kb3 57. Re3+ Ka4 58. Ke6 b4 59. Kd5 a2 60. Re2 0-1

[Event "Daventry 4NCL Easter op-B 2nd"]
[Site "Daventry"]
[Date "2022.04.15"]
[Round "1"]
[White "McDonnell, James J"]
[Black "Murphy, Ross"]
[Result "1-0"]
[WhiteElo "1929"]
[BlackElo "1730"]
[PlyCount "51"]
[EventDate "2022.04.15"]
[EventType "swiss"]
[EventRounds "7"]
[EventCountry "ENG"]
[SourceTitle "CBM 207 Extra"]
[Source "ChessBase"]
[SourceDate "2022.05.31"]
[SourceVersion "1"]
[SourceVersionDate "2022.05.31"]
[SourceQuality "1"]

1. e4 d6 2. d4 Nf6 3. Bd3 c6 4. h3 e5 5. c3 Be7 6. Nf3 Qc7 7. 0-0 h6 8. Re1 Be6 9. Nbd2 0-0 10. Nf1 Nbd7 11. Ng3 Rfe8 12. Bc2 Bf8 13. Bb3 Bxb3 14. Qxb3 Rad8 15. Bd2 d5 16. exd5 e4 17. dxc6 Qxc6 18. Nh2 Nb6 19. Rad1 Nc4 20. Bc1 Bd6 21. Nf5 Bb8 22. Nf1 Rd5 23. N5e3 Nxe3 24. Bxe3 Rh5 25. Ng3 Bxg3 26. fxg3 1-0

[Event "Harrogate 4NCL op-B 27th"]
[Site "Harrogate"]
[Date "2022.01.21"]
[Round "1"]
[White "Murphy, Ross"]
[Black "Carmichael, Ned"]
[Result "1/2-1/2"]
[WhiteElo "1702"]
[BlackElo "1863"]
[PlyCount "47"]
[EventDate "2022.01.21"]
[EventType "swiss"]
[EventRounds "5"]
[EventCountry "ENG"]
[SourceTitle "CBM 206 Extra"]
[Source "ChessBase"]
[SourceDate "2022.03.31"]
[SourceVersion "1"]
[SourceVersionDate "2022.03.31"]
[SourceQuality "1"]

1. Nf3 c5 2. g3 Nf6 3. Bg2 Nc6 4. 0-0 d5 5. d4 cxd4 6. Nxd4 e6 7. c4 Bc5 8. Nxc6 bxc6 9. cxd5 cxd5 10. Qc2 Bb6 11. Rd1 0-0 12. e4 Bb7 13. Bg5 h6 14. Bxf6 Qxf6 15. exd5 Bd4 16. Nc3 Rac8 17. Qd2 Bxc3 18. bxc3 Bxd5 19. Bxd5 Rfd8 20. Qe3 Rxd5 21. Rxd5 exd5 22. Qxa7 Qxc3 23. Rd1 Qf3 24. Qd4 1/2-1/2

[Event "Harrogate 4NCL op 24th"]
[Site "Harrogate"]
[Date "2020.01.18"]
[Round "3"]
[White "Jones, Neil T"]
[Black "Murphy, Ross"]
[Result "1/2-1/2"]
[WhiteElo "1806"]
[BlackElo "1639"]
[PlyCount "82"]
[EventDate "2020.01.17"]
[EventType "swiss"]
[EventRounds "5"]
[EventCountry "ENG"]
[SourceTitle "CBM 195 Extra"]
[Source "ChessBase"]
[SourceDate "2020.05.31"]
[SourceVersion "1"]
[SourceVersionDate "2020.05.31"]
[SourceQuality "1"]

1. e4 Nf6 2. e5 Nd5 3. d4 d6 4. Nf3 dxe5 5. Nxe5 c6 6. Be2 Bf5 7. a3 e6 8. c4 Nb6 9. Nc3 Be7 10. 0-0 0-0 11. Be3 N8d7 12. Nf3 Nf6 13. Nh4 Bg6 14. Nxg6 hxg6 15. b3 Qc7 16. Bf3 Rad8 17. Qc2 Rd7 18. a4 Rfd8 19. g3 Nc8 20. a5 a6 21. Na4 e5 22. dxe5 Qxe5 23. Qb2 Qf5 24. Qe2 Qd3 25. Qxd3 Rxd3 26. Rab1 Bb4 27. Be2 R3d7 28. Nb6 Re7 29. Rfd1 Rxd1+ 30. Bxd1 Nxb6 31. axb6 Rd7 32. Be2 Bd2 33. Bxd2 Rxd2 34. Bf3 Nd7 35. Re1 Kf8 36. b4 Nxb6 37. b5 axb5 38. cxb5 Nd5 39. bxc6 bxc6 40. Rc1 Rd3 41. Bg2 Rc3 1/2-1/2

[Event "Harrogate 4NCL op 24th"]
[Site "Harrogate"]
[Date "2020.01.18"]
[Round "2"]
[White "Murphy, Ross"]
[Black "Obi, Marc On"]
[Result "0-1"]
[WhiteElo "1639"]
[BlackElo "1783"]
[PlyCount "64"]
[EventDate "2020.01.17"]
[EventType "swiss"]
[EventRounds "5"]
[EventCountry "ENG"]
[SourceTitle "CBM 195 Extra"]
[Source "ChessBase"]
[SourceDate "2020.05.31"]
[SourceVersion "1"]
[SourceVersionDate "2020.05.31"]
[SourceQuality "1"]

1. d4 d5 2. g3 Bf5 3. Bg2 c6 4. Nf3 h6 5. Nbd2 Nf6 6. c4 e6 7. cxd5 exd5 8. 0-0 Bd6 9. Re1 0-0 10. Ne5 Nbd7 11. f4 Ng4 12. Ndf3 h5 13. h3 Nh6 14. Nh4 f6 15. Nxd7 Qxd7 16. Nxf5 Nxf5 17. Kh2 h4 18. g4 Ng3 19. e4 dxe4 20. Bxe4 Rae8 21. Bg6 Rxe1 22. Qxe1 f5 23. gxf5 Nxf5 24. Bxf5 Qxf5 25. Qxh4 Qc2+ 26. Kg3 Rf6 27. Kf3 Qd1+ 28. Ke4 Qe2+ 29. Be3 Re6+ 30. Kf5 Qxe3 31. Qd8+ Kh7 32. Qh4+ Rh6 0-1

[Event "Hull 4NCL op"]
[Site "Hull"]
[Date "2019.11.03"]
[Round "4"]
[White "Murphy, Ross"]
[Black "Maladkar, Lavanya"]
[Result "1/2-1/2"]
[WhiteElo "1651"]
[BlackElo "1635"]
[PlyCount "56"]
[EventDate "2019.11.01"]
[EventType "swiss"]
[EventRounds "5"]
[EventCountry "ENG"]
[SourceTitle "CBM 192 Extra"]
[Source "Chessbase"]
[SourceDate "2019.11.06"]
[SourceVersion "1"]
[SourceVersionDate "2019.11.06"]
[SourceQuality "1"]

1. d4 d5 2. c4 e6 3. g3 c5 4. cxd5 Qxd5 5. Nf3 Nc6 6. Nc3 Qd8 7. Be3 cxd4 8. Nxd4 Nxd4 9. Qxd4 Bd7 10. Bg2 Bc6 11. Qxd8+ Kxd8 12. Bxc6 bxc6 13. Rd1+ Ke8 14. 0-0 Nf6 15. Bd4 Be7 16. e4 h5 17. Rd2 Rg8 18. Rfd1 c5 19. Bxf6 Bxf6 20. Nb5 Rb8 21. Nc7+ Kf8 22. b3 Bd4 23. Na6 Rc8 24. b4 Ke7 25. bxc5 e5 26. Rb1 Rgd8 27. Rc2 Rd7 28. c6 Rd6 1/2-1/2

[Event "Basingstoke 4NCL Spring Bank 2nd U2050"]
[Site "Basingstoke"]
[Date "2019.05.25"]
[Round "2"]
[White "Murphy, Ross"]
[Black "Sommer, Martin C"]
[Result "1/2-1/2"]
[WhiteElo "1669"]
[BlackElo "1985"]
[PlyCount "93"]
[EventDate "2019.05.24"]
[EventType "swiss"]
[EventRounds "7"]
[EventCountry "ENG"]
[SourceTitle "EXT 2020"]
[Source "ChessBase"]
[SourceDate "2019.10.17"]
[SourceVersion "1"]
[SourceVersionDate "2019.10.17"]
[SourceQuality "1"]

1. Nf3 Nf6 2. g3 g6 3. Bg2 Bg7 4. c4 0-0 5. Nc3 d6 6. e4 e5 7. 0-0 Bg4 8. h3 Bxf3 9. Bxf3 Nc6 10. d3 Qd7 11. Bg2 Nd4 12. Ne2 Nxe2+ 13. Qxe2 c6 14. f4 Qc7 15. f5 Rad8 16. g4 h6 17. Be3 g5 18. Bf3 d5 19. Kg2 d4 20. Bd2 Nd7 21. Rh1 f6 22. h4 Kf7 23. Rh3 Rh8 24. Rah1 Nc5 25. Bb4 Na6 26. Ba3 b5 27. b3 Qa5 28. Bc1 bxc4 29. bxc4 Rb8 30. hxg5 hxg5 31. Rxh8 Rxh8 32. Rxh8 Bxh8 33. Qb2 Qb4 34. Bd1 Qxb2+ 35. Bxb2 Nb4 36. Bb3 Nxd3 37. Ba3 c5 38. Kf1 Bg7 39. Bc2 Nb4 40. Bxb4 cxb4 41. Ke2 Ke7 42. Kd3 Kd6 43. Ba4 Kc5 44. Bd7 Bf8 45. Be8 Bd6 46. Bd7 Bc7 47. Be8 1/2-1/2

[Event "Harrogate 4NCL op-B 21st"]
[Site "Harrogate"]
[Date "2019.01.19"]
[Round "2"]
[White "Cast, Julian"]
[Black "Murphy, Ross"]
[Result "1-0"]
[WhiteElo "1982"]
[BlackElo "1667"]
[PlyCount "29"]
[EventDate "2019.01.18"]
[EventType "swiss"]
[EventRounds "5"]
[EventCountry "ENG"]
[SourceTitle "CBM 188 Extra"]
[Source "ChessBase"]
[SourceDate "2019.02.26"]
[SourceVersion "1"]
[SourceVersionDate "2019.02.26"]
[SourceQuality "1"]

1. e4 Nf6 2. e5 Nd5 3. Bc4 Nb6 4. Bb3 d5 5. exd6 exd6 6. d4 d5 7. Nc3 Be7 8. Qf3 c6 9. Qg3 Bf6 10. Bf4 Bf5 11. Nf3 0-0 12. 0-0 Be7 13. a4 a5 14. Bc7 Bh4 15. Nxh4 1-0

[Event "Harrogate 4NCL op-B 21st"]
[Site "Harrogate"]
[Date "2019.01.19"]
[Round "3"]
[White "Murphy, Ross"]
[Black "Williamson, Graham A"]
[Result "0-1"]
[WhiteElo "1667"]
[BlackElo "1799"]
[PlyCount "82"]
[EventDate "2019.01.18"]
[EventType "swiss"]
[EventRounds "5"]
[EventCountry "ENG"]
[SourceTitle "CBM 188 Extra"]
[Source "ChessBase"]
[SourceDate "2019.02.26"]
[SourceVersion "1"]
[SourceVersionDate "2019.02.26"]
[SourceQuality "1"]

1. Nf3 f5 2. d4 e6 3. g3 Nf6 4. c4 c6 5. Nc3 d5 6. Bg2 Bd6 7. b3 0-0 8. 0-0 Qe8 9. Re1 Nbd7 10. Bg5 Qh5 11. Bxf6 Nxf6 12. Ne5 Bxe5 13. Bf3 Ng4 14. Bxg4 fxg4 15. dxe5 Qxe5 16. Rc1 d4 17. Nb1 Qf6 18. Rf1 e5 19. Nd2 c5 20. Ne4 Qc6 21. f3 h6 22. Kg2 b6 23. Qd3 Bf5 24. Rce1 Rae8 25. a3 Qe6 26. Qd2 gxf3+ 27. exf3 Bh3+ 28. Kg1 Bxf1 29. Rxf1 Re7 30. Kg2 Ref7 31. Qe2 Qc6 32. a4 Qe6 33. Qd3 g5 34. h3 Qg6 35. Qe2 h5 36. Nd2 g4 37. hxg4 hxg4 38. fxg4 Rxf1 39. Nxf1 e4 40. Nd2 e3 41. Nf3 Qe4 0-1

[Event "Telford 4NCL U2050 op"]
[Site "Telford"]
[Date "2018.11.04"]
[Round "8"]
[White "Murphy, Ross"]
[Black "Fallowfield, Nicholas"]
[Result "0-1"]
[WhiteElo "1652"]
[BlackElo "1883"]
[PlyCount "62"]
[EventDate "2018.10.31"]
[EventType "swiss"]
[EventRounds "9"]
[EventCountry "ENG"]
[SourceTitle "EXT 2021"]
[Source "ChessBase"]
[SourceDate "2020.10.23"]
[SourceVersion "1"]
[SourceVersionDate "2020.10.23"]
[SourceQuality "1"]

1. Nf3 d5 2. g3 Nc6 3. d4 Bg4 4. Bg2 Qd7 5. h3 Bf5 6. c3 f6 7. Nbd2 e5 8. Nh4 Be6 9. dxe5 fxe5 10. Qb3 Nf6 11. Qc2 Bc5 12. Nb3 Bb6 13. Bg5 0-0 14. 0-0-0 Ne7 15. g4 Bxf2 16. Rdf1 Bb6 17. Nf5 Bxf5 18. gxf5 e4 19. h4 Nxf5 20. Bh3 Nh5 21. Nd4 Bxd4 22. Bxf5 Rxf5 23. cxd4 Ng3 24. Rxf5 Qxf5 25. Rd1 h6 26. Be3 Qg4 27. Re1 Nf5 28. Qd2 Qxh4 29. Bf4 Nxd4 30. Rg1 Nxe2+ 31. Qxe2 Qxf4+ 0-1

[Event "Telford 4NCL U2050 op"]
[Site "Telford"]
[Date "2018.11.01"]
[Round "2"]
[White "Gostelow, David W"]
[Black "Murphy, Ross"]
[Result "0-1"]
[WhiteElo "1892"]
[BlackElo "1652"]
[PlyCount "68"]
[EventDate "2018.10.31"]
[EventType "swiss"]
[EventRounds "9"]
[EventCountry "ENG"]
[SourceTitle "CBM 187 Extra"]
[Source "ChessBase"]
[SourceDate "2018.11.04"]
[SourceVersion "1"]
[SourceVersionDate "2018.11.04"]
[SourceQuality "1"]

1. d4 Nf6 2. Bf4 g6 3. Nc3 d5 4. Nf3 Bg7 5. Ne5 c5 6. e3 cxd4 7. exd4 Nc6 8. Be2 0-0 9. Qd2 Bf5 10. 0-0-0 a5 11. f3 Nb4 12. Nd3 Qb6 13. a3 Nc6 14. Ne5 a4 15. g4 Be6 16. h4 Nd7 17. Nxd7 Bxd7 18. Nb5 Rfc8 19. h5 Ra5 20. hxg6 fxg6 21. Kb1 Rxb5 22. Bxb5 Qxb5 23. Qh2 h5 24. gxh5 Nxd4 25. hxg6 Rxc2 26. Qh7+ Kf8 27. Qxg7+ Kxg7 28. Be5+ Kxg6 29. Rdg1+ Kf7 30. Bxd4 Bf5 31. Ka1 Qc4 32. Be5 d4 33. f4 Rxb2 34. Kxb2 Qb3+ 0-1

[Event "Telford 4NCL U2050 op"]
[Site "Telford"]
[Date "2018.11.01"]
[Round "3"]
[White "Murphy, Ross"]
[Black "Ansari, Athar"]
[Result "0-1"]
[WhiteElo "1652"]
[BlackElo "1888"]
[PlyCount "94"]
[EventDate "2018.10.31"]
[EventType "swiss"]
[EventRounds "9"]
[EventCountry "ENG"]
[SourceTitle "CBM 187 Extra"]
[Source "ChessBase"]
[SourceDate "2018.11.04"]
[SourceVersion "1"]
[SourceVersionDate "2018.11.04"]
[SourceQuality "1"]

1. Nf3 d5 2. g3 Nf6 3. Bg2 c5 4. 0-0 Nc6 5. d4 cxd4 6. Nxd4 e5 7. Nxc6 bxc6 8. c4 e4 9. cxd5 cxd5 10. Nc3 Be7 11. Bg5 Be6 12. Qa4+ Qd7 13. Qxd7+ Nxd7 14. Bxe7 Kxe7 15. Rfd1 Nb6 16. a4 Rhd8 17. a5 Nc4 18. b3 Ne5 19. Nb5 Rab8 20. Nd4 Rdc8 21. Rdc1 Kd6 22. f4 Nc6 23. Nxe6 fxe6 24. Rd1 Kc5 25. e3 Rxb3 26. Rdc1+ Kd6 27. Re1 Nb4 28. Rab1 Rcc3 29. Bf1 Rxe3 30. Rxe3 Rxb1 31. Rc3 Nd3 32. Rc8 e3 33. Kg2 Ne1+ 34. Kg1 Nf3+ 35. Kg2 Nd4 36. Rd8+ Ke7 37. Ra8 e2 38. Rxa7+ Kf6 39. Bxe2 Nxe2 40. Kf2 Nc3 41. Ke3 Rd1 42. g4 d4+ 43. Kf2 d3 44. g5+ Kf5 45. Rf7+ Kg6 46. Rd7 d2 47. a6 Ra1 0-1

[Event "Telford 4NCL op-B 19th"]
[Site "Telford"]
[Date "2018.07.15"]
[Round "4"]
[White "Murphy, Ross"]
[Black "Verma, Shlok"]
[Result "1-0"]
[WhiteElo "1825"]
[BlackElo "1638"]
[PlyCount "65"]
[EventDate "2018.07.13"]
[EventType "swiss"]
[EventRounds "5"]
[EventCountry "ENG"]
[SourceTitle "EXT 2019"]
[Source "ChessBase"]
[SourceDate "2018.10.10"]
[SourceVersion "1"]
[SourceVersionDate "2018.10.10"]
[SourceQuality "1"]

1. d4 d5 2. c4 dxc4 3. Nf3 Nf6 4. g3 e6 5. Bg2 c5 6. Qa4+ Bd7 7. Qxc4 Nc6 8. 0-0 Rc8 9. Qd3 cxd4 10. Nxd4 Nxd4 11. Qxd4 Bc6 12. Qxa7 Bxg2 13. Kxg2 Qd5+ 14. Kg1 Bc5 15. Qa4+ Ke7 16. Nc3 Qh5 17. Kg2 g5 18. Ne4 g4 19. Nxf6 Qh3+ 20. Kg1 Kxf6 21. Qf4+ Ke7 22. Be3 Bd6 23. Qg5+ Kf8 24. Rac1 Re8 25. Bc5 Bxc5 26. Qxc5+ Kg7 27. Qg5+ Kf8 28. Rc7 h5 29. Qf6 Rh7 30. Rd1 h4 31. Rdd7 hxg3 32. Rxf7+ Kg8 33. Rg7+ 1-0

[Event "Telford 4NCL op-B 19th"]
[Site "Telford"]
[Date "2018.07.14"]
[Round "3"]
[White "Murphy, Ross"]
[Black "Potter, Steven"]
[Result "1/2-1/2"]
[WhiteElo "1825"]
[BlackElo "1799"]
[PlyCount "58"]
[EventDate "2018.07.13"]
[EventType "swiss"]
[EventRounds "5"]
[EventCountry "ENG"]
[SourceTitle "EXT 2019"]
[Source "ChessBase"]
[SourceDate "2018.10.10"]
[SourceVersion "1"]
[SourceVersionDate "2018.10.10"]
[SourceQuality "1"]

1. d4 e6 2. c4 b6 3. Nf3 Bb7 4. g3 f5 5. Bg2 Bb4+ 6. Bd2 Bxd2+ 7. Nbxd2 Nf6 8. Qc2 0-0 9. 0-0 Nc6 10. a3 Ne7 11. Rfe1 Ng6 12. Rad1 Ne4 13. Qb3 Rb8 14. d5 Nxd2 15. Rxd2 exd5 16. cxd5 d6 17. Nd4 Qf6 18. Rc1 Rbc8 19. Ne6 Rf7 20. Rdc2 f4 21. Rxc7 Rcxc7 22. Rxc7 fxg3 23. Qxg3 Rxc7 24. Nxc7 Nf4 25. Qe3 Qf7 26. Qe8+ Qxe8 27. Nxe8 Nxe2+ 28. Kf1 Nf4 29. Nxd6 Bxd5 1/2-1/2